书目信息 |
| 题名: |
冬季恋歌
|
|
| 作者: | 吕豪 编配 | |
| 分册: | 2 | |
| 出版信息: | 天津 百花文艺出版社 2005 |
|
| 页数: | 61页 | |
| 开本: | 29cm | |
| 丛书名: | ||
| 单 册: | ||
| 中图分类: | J647.41 | |
| 科图分类: | ||
| 主题词: | 钢琴谱--中国--现代--选集 , 钢琴谱 | |
| 电子资源: | ||
| ISBN: | 7-5306-4203-0 | |
| 000 | 00870ncm0 2200253 450 | |
| 001 | 002908732 | |
| 005 | 20070801171820.51 | |
| 010 | @a7-5306-4203-0@dCNY18.00 | |
| 100 | @a20050119d2005 em y0chiy0110 ea | |
| 101 | 0 | @achi |
| 102 | @aCN@b120000 | |
| 105 | @ay z 000yy | |
| 200 | 1 | @a冬季恋歌@9dong ji lian ge@e钢琴演奏流行金曲@h2@f吕豪编配 |
| 210 | @a天津@c百花文艺出版社@d2005 | |
| 215 | @a61页@d29cm@e光盘1片 | |
| 307 | @a附光盘:ISRC CN-Z02-05-0006-0 | |
| 330 | @a本书收入了从开始到现在、在记忆里、我的回忆、为了你、如果爱上你、茉莉花、你怎么舍得我难过、江南、一生有你、过火、大约在冬季等流行金曲。 | |
| 517 | 1 | @a钢琴演奏流行金曲@9gang qin yan zou liu xing jin qu |
| 606 | 0 | @a钢琴谱@y中国@z现代@j选集 |
| 606 | 0 | @a钢琴谱 |
| 690 | @aJ647.41@v4 | |
| 701 | 0 | @a吕豪@9lv hao@c(音乐)@4编配 |
| 801 | 0 | @aCN@bNLC@c20070801 |
| 905 | @a10447@dJ647.41@e117:2 | |
| 冬季恋歌:钢琴演奏流行金曲.2/吕豪编配.-天津:百花文艺出版社,2005 |
| 61页;29cm+光盘1片 |
| ISBN 7-5306-4203-0:CNY18.00 |
| 本书收入了从开始到现在、在记忆里、我的回忆、为了你、如果爱上你、茉莉花、你怎么舍得我难过、江南、一生有你、过火、大约在冬季等流行金曲。 |
| ● |
| 相关链接 |
|
|
|
|
正题名:冬季恋歌
索取号:J647.41/117:2
 
预约/预借
| 序号 | 登录号 | 条形码 | 馆藏地/架位号 | 状态 | 备注 |
| 1 | 0800899 | 208008993 | 第一样本阅览室/ [索取号:J647.41/117:2] | 在馆 | |
| 2 | 0800900 | 208009000 | 第一借阅区/ [索取号:J647.41/117:2] | 在馆 | |
| 3 | 0800901 | 208009019 | 第一借阅区/ [索取号:J647.41/117:2] | 在馆 | |
| 4 | 0800902 | 208009028 | 第一借阅区/ [索取号:J647.41/117:2] | 在馆 | |
| 5 | 0800903 | 208009037 | 第一借阅区/ [索取号:J647.41/117:2] | 在馆 | |
| 6 | 0800904 | 208009046 | 第一借阅区/ [索取号:J647.41/117:2] | 在馆 | |
| 7 | 0800905 | 208009055 | 第一借阅区/ [索取号:J647.41/117:2] | 在馆 | |
| 8 | 0800906 | 208009064 | 音乐系资料室/ [索取号:J647.41/117:2] | 在馆 | |
| 9 | 0800907 | 208009073 | 密集书库-音乐系/ [索取号:J647.41/117:2] | 在馆 | |
| 10 | 0800908 | 208009082 | 音乐系资料室/ [索取号:J647.41/117:2] | 在馆 |